000
00248nam a2200097Ia 4500
005
20251222114341.0
008
251222s1900||||xx |||||||||||||| ||spa||
082
_a
DVD0112/D31/2005/Ej.2
245
0
_a
Boo: lugares lejanos:Boo: faraway places
942
_c
DVD
999
_c
851
_d
851